Welcome to the Holygrace Academy Library

Please use search bar below to get started

WILD WILD WORLD (Record no. 2214)

MARC details
000 -LEADER
fixed length control field 00396nam a22001577a 4500
020 ## - INTERNATIONAL STANDARD BOOK NUMBER
ISBN 1-40541-540-1
082 ## - DEWEY DECIMAL CLASSIFICATION NUMBER
Classification number 001
Item number GAN/W
100 ## - MAIN ENTRY--AUTHOR NAME
Personal name GANERI, ANITA
100 ## - MAIN ENTRY--AUTHOR NAME
Personal name OLIVER, CLARE
100 ## - MAIN ENTRY--AUTHOR NAME
Personal name ROBSON, DENNY
245 ## - TITLE STATEMENT
Title WILD WILD WORLD
Remainder of title QUESTIONS AND ANSWERS
260 ## - PUBLICATION, DISTRIBUTION, ETC. (IMPRINT)
Place of publication UNITED KINGDOM
Name of publisher PARRAGON BOOK
Year of publication 2003
300 ## - PHYSICAL DESCRIPTION
Number of Pages 256
650 ## - SUBJECT ADDED ENTRY--TOPICAL TERM
Topical Term GENERAL KNOWLEDGE
Geographic subdivision UNITED KINGDOM
942 ## - ADDED ENTRY ELEMENTS (KOHA)
Koha item type Books
Holdings
Withdrawn status Lost status Collection code Home library Current library Shelving location Date acquired Source of acquisition Cost, normal purchase price Full call number Accession Number Koha item type
    Reference Main Library Main Library SHELF 1 H -DICTIONARY, ENCYCLOPEDIA 02/04/2007 purchase 595.00 001 GAN/W 03515 Books